New CFB AP Poll for this week - Statistics

General Stats
  • This quiz has been taken 75 times
  • The average score is 20 of 25
Answer Stats
Rank Team % Correct
2 Indiana
100%
1 Ohio State
98%
6 Oregon
98%
3 Texas A&M
98%
5 Georgia
95%
22 Texas
95%
8 Ole Miss
94%
4 Alabama
92%
12 Notre Dame
89%
17 Tennessee
86%
20 LSU
84%
14 Texas Tech
84%
13 Oklahoma
81%
7 Georgia Tech
80%
25 Michigan
78%
11 BYU
75%
10 Vanderbilt
75%
9 Miami (FL)
70%
18 South Florida
66%
16 Virginia
63%
15 Missouri
61%
24 Arizona State
58%
23 Illinois
55%
21 Cincinnati
48%
19 Louisville
41%
No matching quizzes found
Score Distribution
Percent of People with Each Score
Percentile by Number Answered
Your Score History
You have not taken this quiz